The master key system : the complete and unabridged definitive edition of the timeless classic about health, wealth & success

Bibliographic Details
Main Author: Haanel, Charles F
Corporate Author: Title
Format: Book
Published: Selangor : Thinker's Library , 2006
Subjects:

MARC

LEADER 00000cam a2200000 7i4500
001 0000012299
005 20071212.0
008 071212
020 |a 9676906778 
090 0 0 |a 158.1   |b HAA 
100 1 |a Haanel, Charles F 
245 1 4 |a The master key system :   |b the complete and unabridged definitive edition of the timeless classic about health, wealth & success   |c Charles F. Haanel 
260 |a Selangor :   |b Thinker's Library ,   |c 2006 
650 0 |a English fiction 
650 0 |a New thought 
650 0 |a Psychology   |x Applied 
650 0 |a Success 
710 0 |a Title 
999 |a 0001003489   |b Book   |c Adult Collection   |e Cawangan AEON Kulaijaya 
999 |a 0001003490   |b Book   |c Adult Collection   |e Perbadanan Perpustakaan Awam Johor 
999 |a 0001003491   |b Book   |c Adult Collection   |e Perbadanan Perpustakaan Awam Johor 
999 |a 0001023326   |b Book   |c Adult Collection   |e Cawangan Bukit Gambir